000 01039cam a2200229 4500
001 J124478
008 031118n2003 000 0 eng u
035 _a(Sirsi) u124478
041 _aeng
050 _a306.13
_c18
110 _aLow Cost Home Ownership Task Force
_94583
245 2 _aA home of my own
_bthe report of the government's Low Cost Home Ownership Task Force
_h[electronic resource]
260 _aLondon
_bHousing Corporation
_c2003
520 _aA report which examines how those in housing can be helped to meet their home ownership needs in a sustainable and cost effective way. It looks at what can be done to help tenants and those on waiting lists to move into home ownership without the loss of social housing.
650 _aHOME OWNERSHIP
650 _aSUSTAINABLE HOME OWNERSHIP
650 _aTENANTS
650 _aHOUSING NEEDS
690 _aHOUSING
856 _uhttps://image.guardian.co.uk/sys-files/Society/documents/2003/11/13/HOTF_Report.pdf
_zView the report at image.guardian.co.uk
942 _n0
999 _c103236
_d103236